| 000 | 00882cam a2200205 i 4500 | ||
|---|---|---|---|
| 999 |
_c57928 _d57928 |
||
| 001 | 18236153 | ||
| 005 | 20221110165553.0 | ||
| 008 | 140722s2015 nyu b 001 0 eng | ||
| 020 | _a9781107082717x | ||
| 041 | _aeng | ||
| 080 | _a322 F-75 | ||
| 100 | 1 |
_aForet, François. _910981 |
|
| 245 | 1 | 0 |
_aReligion and politics in the European Union : _bthe secular canopy / _cFrançois Foret, Université Libre de Bruxelles. |
| 264 | 1 |
_aNew York, NY : _bCambridge University Press, _c2015. |
|
| 300 |
_a323 pages ; _c22 cm. |
||
| 653 | _aReligion and Politics in the European Union : The Secular Canopy | ||
| 653 | _aრელიგია და პოლიტიკა ევროკავშირში : საერო კანოდია | ||
| 653 | _aРелигия и политика в Европейском Союзе : светский навес | ||
| 942 |
_2udc _cBK |
||